000
00267nam a2200109Ia 4500
008
190902s9999||||xx |||||||||||||| ||und||
100
_a
Albert Paul Malvino
245
0
_a
Electrionic Principles
260
_a
India
_b
The McGraw-Hill
_c
1999
300
_a
1012
942
_c
BK
999
_c
2752
_d
2752